000 00666nam a2200265Ia 4500
005 20260121165748.0
008 008 260114s9999 xx 000 0 eng d
020 _a9783319389455
037 _aEBOOK
040 _aCRL
040 _beng
040 _cCRL
041 _2eng
041 _aeng
084 _qCRL
100 _aPaolo Freguglia, Mariano Giaquinta
_91055724
245 4 _aThe Early Period of the Calculus of Variations
260 _bSpringer
260 _bSpringer
260 _c2016
856 _uhttps://link.springer.com/openurl?genre=book&isbn=978-3-319-38945-5
942 _cEBOOK
999 _c1621452
_d1621452